Reliez 100 personnages à la bonne série TV Française (20 intrus) - Statistiques

Statistiques générales
  • Ce quiz a été pris 53 fois
  • Le résultat moyen est 27 sur 100
Statistiques - réponses
Hint Réponse % Correct
Julie, Sarah et Élisabeth Lescaut Julie Lescaut
71%
Antoine et Yolande Navarro Navarro
64%
Tom Delorme Camping Paradis
62%
Pierre, Lucia, Bruno et Myriam Cordier Les Cordier, juge et flic
62%
Christian Parizot Camping Paradis
60%
Blanche, Johanna, Thomas et Roland Marci Plus Belle la Vie
57%
Céline Frémont Plus Belle la Vie
55%
Vincent Chaumette Plus Belle la Vie
52%
Malik et Semia Nassri Plus Belle la Vie
52%
Rosy Camping Paradis
50%
Mirta et Luna Torres Plus Belle la Vie
50%
Justin N'Guma Julie Lescaut
43%
Léo Castelli Plus Belle la Vie
43%
Ariane Leroy Camping Paradis
40%
Jean-Paul Boher Plus Belle la Vie
40%
Caroline et Lisa Drancourt Sous le Soleil
40%
Grégory et Louis Lacroix Sous le Soleil
38%
André Durieux Camping Paradis
36%
Amandine Joubert Camping Paradis
36%
Sam Lécasse Intrus
36%
Barbara Évenot Plus Belle la Vie
36%
Sara Cazanova Section de recherches
36%
Alain Dulac Sous le Soleil
36%
Baptiste Mondino Sous le Soleil
36%
Aurélie Constantin Camping Paradis
33%
Justin Calva Intrus
33%
Kelly Diote Intrus
33%
Marc Hassin Intrus
33%
Océane O'Graf Intrus
33%
Mélanie Rinato Plus Belle la Vie
33%
Nathan et Guillaume Leserman Plus Belle la Vie
33%
Martin Bernier Section de recherches
33%
Laure et Blandine Olivier Sous le Soleil
33%
Leo Parre Intrus
31%
Isabelle et Nicolas Florent Une Femme d'Honneur
31%
Denis Chon Intrus
29%
Yves Rogne Intrus
29%
Tarek Tiffiay Intrus
29%
Laurent Jinat Intrus
29%
Octavie Hébel Intrus
29%
David Kaplan Julie Lescaut
29%
Nadia Angeli Section de recherches
29%
Enzo Ghemara Section de recherches
29%
Paolo Lorenzi Sous le Soleil
29%
Pierre Roussillon Une Femme d'Honneur
29%
Geoffroy Audoit Intrus
26%
René Décendre Intrus
26%
Vincent Motta Julie Lescaut
26%
Valentine Chardin Sous le Soleil
26%
Xavier Proteau Camping Paradis
24%
Seydou et Milène Micoton Intrus
24%
Sophie Sonsek Intrus
24%
Zora Zaouida Julie Lescaut
24%
Claire Linsky Section de recherches
24%
Lucas Auriol Section de recherches
24%
Jessica Lowry Sous le Soleil
24%
Francis et Christine Rivière Une Femme d'Honneur
24%
Patrice Tounet Intrus
21%
Teddy Ferrand Intrus
21%
Antoine Portal Les Cordier, juge et flic
21%
Ginette Bouloche dite Ginou Navarro
21%
Joseph Blomet Navarro
21%
Stéphane Cluzeau Une Femme d'Honneur
21%
Audrey Dukor Camping Paradis
19%
Marc-Antoine Brignac Les Cordier, juge et flic
19%
René Auquelin Navarro
19%
Patrick Platon Une Femme d'Honneur
19%
Clémence Dedieu Intrus
17%
Thibault Tumpley Intrus
17%
Jean-Marie Trémois Julie Lescaut
17%
Éric Léveil Julie Lescaut
17%
Guisseppe Borelli Navarro
17%
Alexandre Sainte-Rose Section de recherches
17%
Samuel Devos Sous le Soleil
17%
Benjamin Loset Sous le Soleil
17%
Juliette Vanin Camping Paradis
14%
Yann Boldec Navarro
14%
Mathilde Delmas Section de recherches
14%
Christian Rocher Une Femme d'Honneur
14%
Ludovic Lestac Une Femme d'Honneur
14%
Patrick et Elsa Dorsat Intrus
12%
Pauline Martin Les Cordier, juge et flic
12%
Cécile Vignaud Les Cordier, juge et flic
12%
Maurice Waltz Navarro
12%
Jean-Philippe Bain-Marie Navarro
12%
Serge Moynet Une Femme d'Honneur
12%
Alain Darzac Julie Lescaut
10%
Pierre et Romain Verdon Julie Lescaut
10%
Henri Blondel Les Cordier, juge et flic
10%
Manuela Verdier Les Cordier, juge et flic
10%
Carole Maudiard Navarro
10%
Alain Berger Section de recherches
10%
Philippe Kremen Une Femme d'Honneur
10%
Martin Héroux Julie Lescaut
7%
Philippe Benamou Les Cordier, juge et flic
7%
Christian Lambert Les Cordier, juge et flic
7%
François Barrada Navarro
7%
Thierry Calvi Section de recherches
7%
Jeanne-Marie Collignon Une Femme d'Honneur
7%
Amélie Lecœur Les Cordier, juge et flic
5%
Aucun quiz correspondant
Distribution des résultats
% des personnes avec chaque résultat
Percentile par nombre de réponses
Votre historique - résultats
Vous n’avez pas pris ce quiz